Instrumento para orientar el diseño legislativo en materia de justicia juvenil /

A raíz de las reformas al artículo 18 constitucional en México en materia de los derechos fundamentales de los jóvenes entre 12 y 18 años de edad en conflicto con la ley, la Oficina de Defensoría de los Derechos de la Infancia y el Centro de Investigación y Docencia Económicas ofrecieron este docume...

Полное описание

Сохранить в:
Библиографические подробности
Главный автор: Griesbach Guizar, Margarita (coord. general e investigación)
Другие авторы: Angulo Nobara, Javier (investigación) (investigación), Barrena Nájera, Guadalupe (investigación) (investigación)
Формат:
Язык:испанский
Предметы:
Метки: Добавить метку
Нет меток, Требуется 1-ая метка записи!

MARC

LEADER 00000nam^a2200000^a^4500
001 000318590
005 20250521000000.0
009 20260310113416.926
037 |a Acervo ITESO - Biblioteca 
041 |a ESP 
082 |a 345. 7208  |b GRI 
100 |a Griesbach Guizar, Margarita  |e (coord. general e investigación) 
245 1 0 |a Instrumento para orientar el diseño legislativo en materia de justicia juvenil /  |c Coord. general de M. Griesbach Guizar ; investigación de J. Angulo Nobara, G. Barrena Nájera, M. Griesbach Guizar. 
264 |a México :  |b Oficina de Defensoría de los Derechos de la Infancia :  |b Centro de Investigación y Docencia Económicas,  |c fecha no identificada 
300 |a 80 p. 
336 |a texto  |b txt  |2 rdacontenido 
337 |a sin mediación  |b n  |2 rdamedio 
338 |a volumen  |b nc  |2 rdasoporte 
520 |a A raíz de las reformas al artículo 18 constitucional en México en materia de los derechos fundamentales de los jóvenes entre 12 y 18 años de edad en conflicto con la ley, la Oficina de Defensoría de los Derechos de la Infancia y el Centro de Investigación y Docencia Económicas ofrecieron este documento con la finalidad de facilitarles a los legisladores de cualquier nivel la revisión y el dictamen de las leyes que deben crearse para alcanzar el objetivo expuesto en la Constitución. 
649 |a XX 
650 |a Adolescentes -  |z México -  |x Condiciones Jurídicas -  |x Tema Principal 
650 |a Delincuencia Juvenil -  |z México -  |x Aspectos Jurídicos 
650 |a Justicia -  |x Administración -  |z México -  |x Tema Principal 
650 |a Proceso Penal -  |z México 
650 |a Derecho Procesal Penal -  |z México 
650 |a Derecho Penal -  |z México 
650 |a Derecho Público -  |z México 
700 |a Angulo Nobara, Javier  |e (investigación) 
700 |a Barrena Nájera, Guadalupe  |e (investigación) 
910 |a Fondo General 
920 |a Impresos - Libros 
930 |a Colección General 
905 |a 101 
901 |a 0500205639  |b IT1  |c ACC  |i D57211  |u 20250521 
902 |a https://opac.biblio.iteso.mx/vufind/Record/000318590